000 00337nam a2200145Ia 4500
100 _aHolmes B.J
942 _cBK
654 _apascal
245 _aPascal programming : Short self instructional course
260 _bBPB Publication
_aNew Delhi
_c1991
082 _a001.6424P
_bHOL
300 _a455
546 _aENGLISH
999 _c32214
_d32214